New Drug Development (Record no. 4510)

MARC details
000 -LEADER
fixed length control field 00627nam a22002057a 4500
003 - CONTROL NUMBER IDENTIFIER
control field OSt
005 - DATE AND TIME OF LATEST TRANSACTION
control field 20160627183612.0
008 - FIXED-LENGTH DATA ELEMENTS--GENERAL INFORMATION
fixed length control field 160627b xxu||||| |||| 00| 0 eng d
020 ## - INTERNATIONAL STANDARD BOOK NUMBER
International Standard Book Number 0824754654
040 ## - CATALOGING SOURCE
Transcribing agency DNLM.
082 ## - DEWEY DECIMAL CLASSIFICATION NUMBER
Classification number QV771N425 2004.
100 ## - MAIN ENTRY--PERSONAL NAME
Personal name Edited by Sahajwalla,G.Chanrahas;
9 (RLIN) 9678
245 ## - TITLE STATEMENT
Title New Drug Development
Remainder of title Regulatory Paradigms for Clinical Pharmacology ang Biopharmaceutics.
260 ## - PUBLICATION, DISTRIBUTION, ETC. (IMPRINT)
Place of publication, distribution, etc. New york
-- Basel;
Name of publisher, distributor, etc. DekkerMaecel,inc.
Date of publication, distribution, etc. 2004.
300 ## - PHYSICAL DESCRIPTION
Extent xix,596p;
Other physical details ill;
Dimensions 24cm.
504 ## - BIBLIOGRAPHY, ETC. NOTE
Bibliography, etc includes index.
650 ## - SUBJECT ADDED ENTRY--TOPICAL TERM
Topical term or geographic name as entry element Pharmacology.
9 (RLIN) 357
650 ## - SUBJECT ADDED ENTRY--TOPICAL TERM
Topical term or geographic name as entry element Drug Development.
9 (RLIN) 9679
942 ## - ADDED ENTRY ELEMENTS (KOHA)
Source of classification or shelving scheme Other/Generic Classification Scheme
Koha item type Open Shelf
Holdings
Withdrawn status Lost status Source of classification or shelving scheme Damaged status Not for loan Home library Current library Date acquired Source of acquisition Inventory number Total Checkouts Full call number Barcode Date last seen Price effective from Koha item type
    Other/Generic Classification Scheme     MUST Main Library MUST Main Library 27/06/2016   08/29649   QV771N425 2004. 2016-2788 27/06/2016 27/06/2016 Open Shelf
    Other/Generic Classification Scheme     MUST Main Library MUST Main Library 27/06/2016   08/29648   QV771N425 2004. 2016-2789 27/06/2016 27/06/2016 Open Shelf
    Other/Generic Classification Scheme     MUST Main Library MUST Main Library 27/06/2016   05/24952   QV771N425 2004. 2016-2790 27/06/2016 27/06/2016 Open Shelf
    Other/Generic Classification Scheme     MUST Main Library MUST Main Library 27/06/2016   07/29143   QV771N425 2004. 2016-2791 27/06/2016 27/06/2016 Open Shelf